1495 1853 1808 1916 1529 1528 1567 1811 1873 1050 1669 1884 1786 1262 1892 1236 1599 1386 1168 1504 1118 1455 1949 1159 1625 1149 1599 1096 1740 1193 1365 1018 1520 1370 1706 1384 1907 1510 1105 1677 1879 1023 1860 1863 1479 1230 1486 1807 1653 1694 1051 1182 1918 1813 1361 1753 1316 1718 1897 1774 1636 1218 1254 1128 1202 1265 1901 1211 1140 1842 1513 1742 1371 1004 1038 1642 1783 1798 1886 1944 1749 1341 1656 1468 1577 1297 1904 1919 1498 1542 1702 1212 1044 1522 1937 1018 1674 1335 1913 BCNSPRNW ULIB Ver.6.0+V

เปลี่ยนเป็นภาษาไทย

Change to English
 แสดงรายละเอียดบรรณานุกรม
  กลับหน้าหลัก

Brief Record : Get Marc (ISO 2709) : E-mail record : QR code < ปิดหน้าต่าง
LEADER : 00000nam 2200000uu 4500
001    13399121481
003     ULIB
008    121121s2550||||th 000 0 tha d
020    ^a9789747162318
050  0  ^aTX724.5T5^bต366
245  1  ^aตำรับอาหารฝาอบ.
250    ^aพิมพ์ครั้งที่3.
260    ^aกรุงเทพฯ :^bแสงแดด, ^c2550.
300    ^a134 หน้า :^bภาพประกอบ ;^c27 ซม.
650  7 ^aการอบ.
650  7 ^aการปรุงอาหาร.
850    ^aDTC Library
945    ^p250^l0^i17043
995    ^aวิภา
999    ^aวิภา
รายการนี้ยังไม่มีแท็ก
คุณยังไม่ได้ล็อกอิน คุณสามารถมีกิจกรรมร่วมกับเว็บไซต์ได้ แต่ต้องล็อกอินก่อน ::
  ล็อกอิน

รายการสื่อสารสนเทศ

ลำดับที่ ประเภท เลขเรียก/บาร์โค้ด สถานที่ สถานะ
1. วิทยาศาสตร์การแพทย์ และสุขภาพ
วิทยาศาสตร์การแพทย์ และสุขภาพ
TX724.5T5 ต366  
  Barcode: 17043
ห้องสมุดวิทยาเขตสวรรค์ประชารักษ์
►หนังสือทั่วไป
บนชั้น

รายการใกล้เคียง
    หัวเรื่อง [การปรุงอาหาร.]

BibComment


ยังไม่เคยถูกคอมเมนท์

คอมเมนท์ทรัพยากรรายการนี้
  คอมเมนท์: ตำรับอาหารฝาอบ


 Copyright 2026. Bcnsprnw @Library